000
00324nam a2200157Ia 4500
100
_a
Horenstmann.Cay S.
490
_v
1
942
_c
BK
654
_a
Computer
245
_a
Core Java 1.1.
260
_b
Sun Microsoft Systems
_c
1997
082
_a
005.133'J'
_b
hor/
300
_a
630
546
_a
ENGLISH
999
_c
19680
_d
19680